00851nam a2200229 i 450000100060000000300090000600500170001500700030003200800410003501700170007604000220009308000410011510000320015624500850018826000760027330000290034949000600037860000490043871000390048783000600052685200350058667172ES-MaACL20250806062536.0t|040510s2002 sp ||||0| spa d aM 18571-2002 aM-BN bspa cM-BN a929 Sainz de Robles, Federico Carlos1 aAzorín, Francisco,d1915-13aEl cronista Federico Carlos Sainz de Robles / cpor Francisco Azorín García. aMadrid : bAyuntamiento : bInstituto de Estudios Madrileños, c2002. a40 p. : bil. ; c21 cm.1 aCiclo de conferencias: Madrileños del siglo XX ; v1614aSainz de Robles, Federico Carlos,d1898-19822 aInstituto de Estudios Madrileños0 aCiclo de conferencias: Madrileños del siglo XX ; v16 aES-MaACLj2174-F-28 bR.133070